Central Library OPAC University of Rajshahi

An account of the kingdom of Caubul and its dependencies in Persia, Tartary and India : (Record no. 67498)

MARC details
000 -LEADER
fixed length control field 00844nam a22002533 4500
001 - CONTROL NUMBER
control field 67498
003 - CONTROL NUMBER IDENTIFIER
rucl marc code BD-RjUL
005 - DATE AND TIME OF LATEST TRANSACTION
control field 20211209081649.0
008 - FIXED-LENGTH DATA ELEMENTS--GENERAL INFORMATION
fixed length control field 190401s1819 enk 000 0
029 ## - (OCLC)
OCLC library identifier 1815
035 ## - SYSTEM CONTROL NUMBER
System control number CD-0000292419
System control number (BD-RjUL)67629
040 ## - CATALOGING SOURCE
Original cataloging agency BD-RjUL
Language of cataloging eng
Transcribing agency BD-RjUL
041 ## - LANGUAGE CODE
Language code of text/sound track or separate title eng
082 ## - DEWEY DECIMAL CLASSIFICATION NUMBER
Edition number 23
Classification number 958.1
Author mark and year ELA 1819
092 ## - LOCALLY ASSIGNED DEWEY CALL NUMBER (OCLC)
Classification number HV775
100 1# - MAIN ENTRY--PERSONAL NAME
Personal name Elphinstone, Mountstuart
9 (RLIN) 229885
245 13 - TITLE STATEMENT
Title An account of the kingdom of Caubul and its dependencies in Persia, Tartary and India :
Remainder of title comprising a view of the Afghaun nation and a history of the Doraunee monarchy /
Statement of responsibility, etc. by Mountstuart Elphinstone.
260 ## - PUBLICATION, DISTRIBUTION, ETC. (IMPRINT)
Place of publication, distribution, etc. London :
Name of publisher, distributor, etc. Longman, Hurst, Rees, Orme, and Browne : J. Murray,
Date of publication, distribution, etc. 1819.
300 ## - PHYSICAL DESCRIPTION
Pagination v. :
Illustrations ill.;
Size 23 cm.
505 01 - FORMATTED CONTENTS NOTE
Formatted contents note v. 1 --
650 ## - SUBJECT ADDED ENTRY--TOPICAL TERM
Topical term or geographic name as entry element Afghanistan
9 (RLIN) 229886
942 ## - ADDED ENTRY ELEMENTS (KOHA)
Source of classification or shelving scheme Dewey Decimal Classification
Koha item type Books
Holdings
Lost status Source of classification or shelving scheme Damaged status Not for loan Collection code Permanent Location Current Location Shelving location Date acquired Source of acquisition Cost, normal purchase price Total Checkouts Full call number Date last seen Copy number Koha item type
  Dewey Decimal Classification   Not For Loan Non-fiction Central Library, University of Rajshahi Central Library, University of Rajshahi Reading Room 25/04/1961 Allies Book 25.00   958.1 ELA V-1 1819 01/04/2019 C-1 Books